MARC

LEADER 00000nam0a2200000 4500
001 17296
005 20231030190840.0
010 |a 5244000888 
035 |a (RuTPU)RU\TPU\book\17430 
035 |a BOOK00017499 
090 |a 17296 
100 |a 20011209d1988 km y0rusy50 ca 
101 0 |a rus 
102 |a RU 
105 |a y z 000zb 
200 1 |a Франклин Рузвельт  |e Историко-документальные очерки  |f В. Л. Мальков 
210 |a Москва  |c Мысль  |d 1988 
215 |a 350 с. 
517 1 |a Проблемы внутренней политики и дипломатии 
600 1 |a Рузвельт  |g Франклин Делано  |c американский политический деятель  |f 1882-1945  |b Ф. Д.  |c 32-й президент США  |2 stltpui  |3 (RuTPU)RU\TPU\pers\660 
610 1 |a история 
610 1 |a США 
610 1 |a государственные деятели 
610 1 |a политические деятели 
610 1 |a республиканская партия 
610 1 |a дипломатия 
610 1 |a внутренняя политика 
686 |a Т3(7Сое)6  |v LBC/SL-A  |2 rubbk 
700 1 |a Мальков  |b В. Л.  |g Виктор Леонидович 
801 0 |a RU  |b 63413507  |c 20011209  |g PSBO 
801 2 |a RU  |b 63413507  |c 20191216  |g PSBO 
942 |c BK